Introduction to electrodynamics (Record no. 396426)

MARC details
000 -LEADER
fixed length control field 00534 a2200205 4500
005 - DATE & TIME
control field 20260226122459.0
008 - FIXED-LENGTH DATA ELEMENTS--GENERAL INFORMATION
fixed length control field 260226b |||||||| |||| 00| 0 eng d
020 ## - ISBN
International Standard Book Number 9781009633017
Price Rs. 895.00
040 ## - CATALOGING SOURCE
Original cataloging agency VIVEKANANDA LIBRARY
082 ## - DDC NUMBER
Classification number 537.6
Book Number G875I(5)
100 ## - MAIN ENTRY--PERSONAL NAME
Personal name Griffiths, David J
245 ## - TITLE STATEMENT
Title Introduction to electrodynamics
250 ## - EDITION STATEMENT
Edition statement 5th
260 ## - PUBLICATION, DISTRIBUTION, ETC. (IMPRINT)
Name of publisher, distributor, etc Cambridge University Press
Date of publication, distribution, etc 2025
Place of publication, distribution, etc New Delhi
300 ## - PHYSICAL DESCRIPTION
Pages xix, 602
650 ## - Subject
Subject Electricity
650 ## - Subject
Subject Magnetism
650 ## - Subject
Subject Electromagnetic Theory
942 ## - ADDED ENTRY ELEMENTS (KOHA)
Koha item type Books
Holdings
Withdrawn status Lost status Source of classification or shelving scheme Damaged status Not for loan Location (home branch) Sublocation or collection (holding branch) Shelving location Date acquired Koha issues (times borrowed) Koha full call number Accession No. Koha date last seen Koha item type
    Dewey Decimal Classification     VIVEKANANDA LIBRARY VIVEKANANDA LIBRARY Vivekananda Library 28/01/2026   537.6 G875I(5) 444688 28/01/2026 Books
    Dewey Decimal Classification     VIVEKANANDA LIBRARY VIVEKANANDA LIBRARY Vivekananda Library 28/01/2026   537.6 G875I(5) 444689 28/01/2026 Books
© Designed and Maintained by Vivekananda Library, MDU Rohtak